5HLuxD.jpg

KING HENRY VIII SENIOR AND PRIMARY SCHOOL LIBRARY OPAC

LOKI (Record no. 6048)

000 -LEADER
fixed length control field 00810nam a22002177a 4500
005 - DATE AND TIME OF LATEST TRANSACTION
control field 20260129140128.0
008 - FIXED-LENGTH DATA ELEMENTS--GENERAL INFORMATION
fixed length control field 260129b ||||| |||| 00| 0 eng d
020 ## - INTERNATIONAL STANDARD BOOK NUMBER
International Standard Book Number 9781406399752
040 ## - CATALOGING SOURCE
Transcribing agency KH8
082 ## - DEWEY DECIMAL CLASSIFICATION NUMBER
Classification number 823.92
100 ## - MAIN ENTRY--PERSONAL NAME
Personal name STOWER,LOUIE
Relator term AUTHOR
245 ## - TITLE STATEMENT
Title LOKI
Remainder of title A BAD GOD'S GUIDE TO BEING GOOD
260 ## - PUBLICATION, DISTRIBUTION, ETC.
Place of publication, distribution, etc. 87 Vauxhall Walk,London SE11 5HJ
Name of publisher, distributor, etc. Walker Books Ltd
Date of publication, distribution, etc. 2022
300 ## - PHYSICAL DESCRIPTION
Extent 235 pages
Other physical details b illustration
Dimensions 13cm x 19cm
520 ## - SUMMARY, ETC.
Summary, etc. After one prank too many, trickster god Loki has been banished to live as a kid on Earth. If he can show moral improvement within one month, he'll be allowed to return to Asgard. If not? Eternity in a pit of angry snakes.-Library Thing-
650 ## - SUBJECT ADDED ENTRY--TOPICAL TERM
Topical term or geographic name entry element Juvenile Fiction
655 ## - INDEX TERM--GENRE/FORM
Genre/form data or focus term Fantasy
655 ## - INDEX TERM--GENRE/FORM
Genre/form data or focus term Mythical
655 ## - INDEX TERM--GENRE/FORM
Genre/form data or focus term Legend
942 ## - ADDED ENTRY ELEMENTS (KOHA)
Source of classification or shelving scheme
Koha item type Books - Fiction
Holdings
Withdrawn status Lost status Source of classification or shelving scheme Damaged status Not for loan Collection code Permanent Location Current Location Shelving location Date acquired Total Checkouts Full call number Barcode Date due Date last seen Date last checked out Price effective from Koha item type Public note
          Fiction KH8 Primary School Library KH8 Primary School Library Fiction 2026-01-29 1 823.92 STO KHPL000008264 2026-04-21 2026-04-13 2026-04-13 2026-01-29 Books - Fiction PRIMARY LIBRARY

Powered By KH8 IT Dept